| 000 | 01170cam a2200241 4500 | ||
|---|---|---|---|
| 001 | ##L134937 | ||
| 008 | 060912n2006 000 0 eng u | ||
| 035 | _a(Sirsi) u134937 | ||
| 041 | 0 | _aeng | |
| 050 | 0 | 4 | _a333.33 $2 18 |
| 110 | 2 |
_aCB Richard Ellis _93675 |
|
| 245 | 0 | 0 |
_aCBRE UK monthly index _bSeptember 2006 |
| 260 |
_aLondon _bCBRE _c2006 |
||
| 490 | 0 |
_aCB Richard Ellis UK Monthly Index _vSeptember 2006 |
|
| 505 | 2 | _aMarket background -- Offices -- Retail -- Industrials -- Economics and investment markets | |
| 520 | _aReports that the all property total return has slowed to 1%, the lowest monthly return figure since March 2005. All property rental growth increased slightly, although all property capital growth stood at 0.6%, down from 0.9% in July 2006. The central London office market maintained its position as the strongest performing sub-sector. Tables and graphs. | ||
| 590 | _aIKA190906 | ||
| 650 | 2 | 4 | _aCB RICHARD ELLIS UK MONTHLY INDEX |
| 651 | 4 |
_aUnited Kingdom _y |
|
| 690 | _aPROPERTY-COMMERCIAL PROPERTY-COMMERCIAL PROPERTY MARKET | ||
| 856 | 4 | 0 |
_uhttps://www.cbre.com _zView the item free of charge at www.cbre.com... |
| 942 | _n0 | ||
| 999 |
_c105852 _d105852 |
||